000 00655nam a2200265Ia 4500
008 160803s9999 xx 000 0 und d
020 _a978-0439441711
100 _aPierce, Tamora
245 4 _aThe will of the empress /
245 _cTamora Pierce.
260 _aNew York :
260 _bScholastic Inc.
260 _c2005
300 _a595 pages ;
300 _c20 cm.
440 _aCircle reforged,
440 _vBk. 1
650 _aAdventure --
650 _aFoster family --
650 _aMagical thinking --
650 _xJuvenile fiction.
650 _xJuvenile fiction.
650 _xJuvenile fiction.
700 _a840
999 _c298093
_d298093